Moral Philosophy (Record no. 193799)
[ view plain ]
| 000 -LEADER | |
|---|---|
| fixed length control field | 00541 a2200157 4500 |
| 003 - CONTROL NUMBER IDENTIFIER | |
| control field | Nust |
| 005 - DATE AND TIME OF LATEST TRANSACTION | |
| control field | 20221221133713.0 |
| 040 ## - CATALOGING SOURCE | |
| Transcribing agency | Nust |
| 082 ## - DEWEY DECIMAL CLASSIFICATION NUMBER | |
| Classification number | 170, RAP |
| 100 ## - MAIN ENTRY--PERSONAL NAME | |
| Personal name | D.D Raphael |
| 9 (RLIN) | 105570 |
| 245 ## - TITLE STATEMENT | |
| Title | Moral Philosophy |
| Statement of responsibility, etc. | D.D. Raphael |
| 260 ## - PUBLICATION, DISTRIBUTION, ETC. | |
| Place of publication, distribution, etc. | Karachi |
| Name of publisher, distributor, etc. | Shaheenpackage |
| Date of publication, distribution, etc. | 1981 |
| 300 ## - PHYSICAL DESCRIPTION | |
| Extent | 120 p.; |
| 505 ## - FORMATTED CONTENTS NOTE | |
| Formatted contents note | Introduction (Page-1), Values and Facts (Page-11), The Standard of Morals (Page-34), Ethics and Politics (Page-67), Free will and Determinism (Page-91), Suggestions for Further Reading (Page-116). |
| 942 ## - ADDED ENTRY ELEMENTS (KOHA) | |
| Source of classification or shelving scheme | |
| Koha item type | Book |
| Withdrawn status | Lost status | Source of classification or shelving scheme | Damaged status | Not for loan | Permanent Location | Current Location | Shelving location | Date acquired | Full call number | Barcode | Date last seen | Price effective from | Koha item type | Public note |
|---|---|---|---|---|---|---|---|---|---|---|---|---|---|---|
| Military College of Signals (MCS) | Military College of Signals (MCS) | General Stacks | 12/12/2016 | 170,RAP | MCS26388 | 12/08/2016 | 12/12/2016 | Book | Almirah No.46, Shelf No.5 | |||||
| Military College of Signals (MCS) | Military College of Signals (MCS) | General Stacks | 12/12/2016 | 170,RAP | MCS26390 | 12/08/2016 | 12/12/2016 | Book | Almirah No.46, Shelf No.5 |
